| 000 | 00484nam a22001577a 4500 | ||
|---|---|---|---|
| 005 | 20250220202851.0 | ||
| 008 | 250220b |||||||| |||| 00| 0 eng d | ||
| 020 | _a9988809751 | ||
| 050 |
_aHD30.28 _b.S73369 APP |
||
| 100 | _aAppiah-Adu Kwaku | ||
| 245 |
_aStrategic Orientation & Business Performance: _bA collection of research publications/ _cKwaku Appiah-Adu |
||
| 260 |
_aAccra _bGPL Press _c2004 |
||
| 300 |
_axi. 213p. _bill. _c21 cm |
||
| 650 | _2Management | ||
| 942 |
_2lcc _cBK _n0 |
||
| 999 |
_c4004 _d4004 |
||